Countries A-Z Closest To An Unknown Country #13 - Statistics

General Stats
  • This quiz has been taken 438 times
    425 since last reset
  • The average score is 21 of 25
Answer Stats
Letter Country % Correct
Y Yemen
95%
O Oman
94%
Z Zambia
94%
Q Qatar
93%
U United States
93%
B Brazil
92%
V Venezuela
92%
C Colombia
89%
H Haiti
89%
J Jamaica
89%
D Dominica
87%
E Ecuador
87%
G Guyana
87%
A Antigua and Barbuda
86%
F France
86%
P Peru
83%
M Mexico
82%
T Trinidad and Tobago
81%
N Nicaragua
80%
S St. Vincent and the Grenadines
77%
Unknown Country: Suriname
75%
I Ireland
65%
K Kosovo
64%
L Liberia
57%
R Republic of the Congo
42%
No matching quizzes found
Score Distribution
Percent of People with Each Score
Percentile by Number Answered
Your Score History
You have not taken this quiz since the last reset